| 000 | 00590nam a2200193Ia 4500 | ||
|---|---|---|---|
| 003 | GCL | ||
| 008 | 140319s9999 xx 000 0 ara d | ||
| 040 |
_aGCL / _cGCL |
||
| 082 | 0 | 4 |
_a621.56 _bم ه |
| 100 | 1 | _aمحمود على شمعة | |
| 245 | 1 | 0 |
_aهندسة التبريد وتكييف الهواء / _cمحمود على شمعة |
| 260 |
_a[S.N] : _bلجنة الاعلام والدراسات المستقبلية ، _c1989 |
||
| 300 | _a330 ص | ||
| 490 | _a | ||
| 650 | 0 | 4 | _aالتبريد |
| 650 | 0 | 4 | _aالهندسة |
| 650 | 0 | 4 | _aتكييف الهواء |
| 942 |
_2ddc _cBK |
||
| 999 |
_c52650 _d52650 |
||